000 00638nam a2200229Ia 4500
003 OSt
005 20220928150029.0
006 a|||||r|||| 00| 0
007 ta
008 220927b |||||||| |||| 00| 0 eng d
024 _a86634
037 _cTextual
040 _aSDCL
_cSDCL
_beng
041 _2eng
_aeng
082 _aB2893g, L8
100 _aModer Joseph J Ed.
_9514956
245 0 _aHandbook of operations research
_b Models and applications.
260 _c1978
700 _a Elmaghraby Salah E Ed.
942 _hB2893g, L8
_cTEXL
_2CC
999 _c838734
_d838734